000 00816cab a2200253 4500
001 X2438
008 090401t1995 xxu||||| |||| 00| 0 eng d
035 _a(Sirsi) u24244
041 _aeng
245 _aSpath Holme v The Chairman of the Greater Manchester and Lancashire Rent Assessment Committee
260 _c1995
350 _a0
490 _aNew Property Cases
_v(1995) NPC 138
520 _aCA 19 July 1995. The CA considers the comparables which a Rent Assessment Committee might take into account. Not to be photocopied.
650 _aASSURED TENANCIES
650 _aCOMPARABLES
650 _aFAIR RENTS
650 _aMARKET RENTS
650 _aREGULATED TENANCIES
650 _aSCARCITY
690 _aLANDLORD AND TENANT-CASE LAW-RESIDENTIAL TENANCIES
942 _n0
948 _c04/03/1997
999 _c16246
_d16246